Investment Appeal Assessment of International Corporations
Skúmanie uplatnenia Elliotovej vlnovej teórie na moderné medzinárodné podnikateľské prostredie. Hodnotenie potenciálov rastu a atraktivity medzinárodných spoločností z odvetvia pohostinstva a hotelierstva.
Saved in:
| Main Author: | |
|---|---|
| Format: | Book Chapter |
| Language: | English |
| Subjects: | |
| Tags: |
No Tags, Be the first to tag this record!
|
MARC
| LEADER | 00000naa a2200000 4500 | ||
|---|---|---|---|
| 001 | 0254313 | ||
| 005 | 20221104112423.0 | ||
| 041 | 0 | |a eng | |
| 044 | |a RS | ||
| 245 | 1 | 0 | |a Investment Appeal Assessment of International Corporations |c Konstantin B. Kostin |
| 520 | |a Skúmanie uplatnenia Elliotovej vlnovej teórie na moderné medzinárodné podnikateľské prostredie. Hodnotenie potenciálov rastu a atraktivity medzinárodných spoločností z odvetvia pohostinstva a hotelierstva. | ||
| 610 | 2 | 0 | |a korporácie transnacionálne |
| 610 | 2 | 0 | |a hotelierstvo |
| 610 | 2 | 0 | |a investície |
| 610 | 2 | 0 | |a rast podniku |
| 610 | 2 | 0 | |a odhady |
| 100 | 1 | |a Kostin, Konstantin B. | |